00526nam a2200169 a 450000100060000000300090000600800410001502000150005604000280007108200160009924500420011526000350015730000150019250500910020765000240029865000340032214753CO-ViMGA141112s2004 ck r 000 u spa d a8422612461 aCO-ViMGAbspacCO-ViMGA04a635.965 L6510aEl cuidado de las plantas de interior aBarcelona, cEd. Blume, c1981 a196 p. il. aCactos y plantas crasas Plantas bulbosas de verano y primavera Plantas anuales de flor14aJARDIN - DECORACION14aPLANTAS DE INTERIOR - CULTIVO